[Event "20th EUR-ch"]
[Site "Skopje MKD"]
[Date "2019.03.20"]
[Round "3"]
[White "Kulaots, Kaido"]
[Black "Baenziger, Fabian"]
[Result "1-0"]
[WhiteElo "2544"]
[BlackElo "2351"]
[EventDate "2019.03.18"]
[Board "88"]
[PlyCount "55"]

1.e4 c5 2.Nf3 d6 3.Bb5+ Nd7 4.a4 Nf6 5.Nc3 g6 6.a5 a6 7.Bc4 e6 8.O-O Bg7 
9.d3 O-O 10.Bf4 Nb8 11.Na4 Nc6 12.Nb6 Rb8 13.Qd2 Qc7 14.Bb3 Nh5 15.Bh6 
Nxa5 16.Bxg7 Nxb3 17.Qh6 Nxg7 18.Ng5 Re8 19.cxb3 Qxb6 20.Qxh7+ Kf8 21.Qh8+
Ke7 22.Qxg7 Rf8 23.Nh7 Rd8 24.Qf6+ Ke8 25.d4 cxd4 26.Rfc1 Rd7 27.Qh8+ Ke7 
28.Qf8# 1-0

[Event "20th EUR-ch"]
[Site "Skopje MKD"]
[Date "2019.03.20"]
[Round "3"]
[White "Stupak, Kirill"]
[Black "Krstulovic, Alex"]
[Result "1-0"]
[WhiteElo "2537"]
[BlackElo "2351"]
[EventDate "2019.03.18"]
[Board "89"]
[PlyCount "177"]

1.d4 d5 2.Nf3 Nf6 3.c4 c6 4.Nc3 dxc4 5.a4 Bf5 6.Ne5 Nbd7 7.Nxc4 Qc7 8.Qd2 
Be6 9.e3 Bxc4 10.Bxc4 e5 11.O-O Bb4 12.Qc2 O-O 13.Bd2 a5 14.Rfd1 Rad8 15.
h3 Nb6 16.Bf1 Rfe8 17.Nb5 Qe7 18.dxe5 Qxe5 19.Bxb4 axb4 20.Nd4 Nbd5 21.Bc4
Rd7 22.Nf3 Qe7 23.Rd4 g6 24.Rad1 Red8 25.Qb3 Nb6 26.a5 Nxc4 27.Qxc4 Ra8 
28.Ra1 Rxd4 29.Nxd4 Ra6 30.Nb3 Ne4 31.Rd1 c5 32.f3 Nf6 33.Qxc5 Qxc5 34.
Nxc5 Rxa5 35.Nxb7 Rb5 36.Nd6 Rc5 37.Rd4 Nd5 38.Ne4 Rc1+ 39.Kf2 Rc2+ 40.Nd2
Nc3 41.bxc3 bxc3 42.Ke2 Ra2 43.g4 g5 44.Rd3 cxd2 45.Rxd2 Ra3 46.Rd5 h6 47.
h4 gxh4 48.Rh5 Ra2+ 49.Kd3 Ra3+ 50.Ke4 Ra4+ 51.Kd3 Ra3+ 52.Ke2 Ra2+ 53.Kf1
Ra3 54.Kf2 Ra2+ 55.Kg1 Ra3 56.Re5 Ra2 57.e4 Kg7 58.Rh5 Kg6 59.Rxh4 Kg5 60.
Rh2 Ra6 61.Rh5+ Kg6 62.Kh2 Ra2+ 63.Kg3 Ra3 64.Rd5 f6 65.Rd6 Kg5 66.Rd5+ 
Kg6 67.Kf4 Rb3 68.Rd6 Kg7 69.Kg3 Ra3 70.Kf2 Ra2+ 71.Ke3 Ra3+ 72.Rd3 Ra5 
73.Rd7+ Kg8 74.Kf4 Ra3 75.Rb7 Ra6 76.Rd7 Ra3 77.Kf5 Rxf3+ 78.Kg6 Kf8 79.
Rf7+ Ke8 80.Rxf6 Re3 81.Kxh6 Rxe4 82.g5 Ke7 83.Rf1 Rh4+ 84.Kg7 Ke6 85.g6 
Rg4 86.Re1+ Kf5 87.Kf7 Kg5 88.Rf1 Re4 89.g7 1-0

[Event "20th EUR-ch"]
[Site "Skopje MKD"]
[Date "2019.03.20"]
[Round "3"]
[White "Gazik, Viktor"]
[Black "Paszewski, Mateusz"]
[Result "0-1"]
[WhiteElo "2535"]
[BlackElo "2340"]
[EventDate "2019.03.18"]
[Board "90"]
[PlyCount "64"]

1.e4 c6 2.d3 d5 3.Nd2 e5 4.Ngf3 Bd6 5.d4 exd4 6.exd5 cxd5 7.Nxd4 Nc6 8.
N2b3 Nf6 9.Bg5 O-O 10.Be2 Ne5 11.O-O Ng6 12.Bd3 h6 13.Bxg6 hxg5 14.Bf5 g6 
15.Bxc8 Rxc8 16.Re1 Kg7 17.c3 Rh8 18.g3 Qd7 19.Nd2 Rh5 20.Nf1 Rch8 21.Qd3 
Bc5 22.Re2 g4 23.Rae1 Ne4 24.Nb3 Qc6 25.Rxe4 dxe4 26.Rxe4 Rd5 27.Qe2 Bb6 
28.Qxg4 Re8 29.Rf4 Rde5 30.Nbd2 Re1 31.Nf3 Rb1 32.b3 Qd5 0-1

[Event "20th EUR-ch"]
[Site "Skopje MKD"]
[Date "2019.03.20"]
[Round "3"]
[White "Mihajlov, Sebastian"]
[Black "Dimitrov, Radoslav"]
[Result "1/2-1/2"]
[WhiteElo "2356"]
[BlackElo "2533"]
[EventDate "2019.03.18"]
[Board "91"]
[PlyCount "86"]

1.e4 c6 2.d4 d5 3.e5 Bf5 4.h4 h6 5.g4 Bd7 6.Nc3 h5 7.gxh5 Bf5 8.Bg5 Qb6 9.
Na4 Qc7 10.Bh3 Bxh3 11.Nxh3 e6 12.Qe2 Qa5+ 13.Nc3 c5 14.dxc5 Bxc5 15.Bd2 
Nc6 16.Nxd5 Bxf2+ 17.Nxf2 Qxd5 18.Bc3 Nge7 19.Rd1 Qg2 20.Kd2 Nd5 21.Kc1 
O-O-O 22.Bd2 Qg3 23.Bg5 Nf4 24.Rxd8+ Rxd8 25.Qe4 Rd4 26.Qe1 Qf3 27.h6 gxh6
28.Bxh6 Ng2 29.Qg1 Nb4 30.a3 Nd5 31.Nd3 Rc4 32.Qf2 Qxf2 33.Nxf2 Rxh4 34.
Rxh4 Nxh4 35.Ne4 Nf5 36.Bd2 Kd7 37.c4 Nde3 38.b3 Ng4 39.Bc3 b6 40.Kc2 Nh4 
41.Ng5 Ke7 42.Kd3 Ng6 43.Nf3 Kd7 1/2-1/2

[Event "20th EUR-ch"]
[Site "Skopje MKD"]
[Date "2019.03.20"]
[Round "3"]
[White "Kelires, Andreas"]
[Black "Murzin, Volodar"]
[Result "0-1"]
[WhiteElo "2529"]
[BlackElo "2337"]
[EventDate "2019.03.18"]
[Board "92"]
[PlyCount "96"]

1.c4 c6 2.Nf3 d5 3.g3 Bg4 4.Bg2 Nf6 5.Ne5 Be6 6.cxd5 Bxd5 7.Nf3 g6 8.Nc3 
Bxf3 9.Bxf3 Bg7 10.O-O O-O 11.Rb1 Nbd7 12.b4 a6 13.Bg2 Nb6 14.Qb3 Nbd5 15.
a4 e6 16.Ba3 Re8 17.Rfd1 Qb6 18.a5 Qd8 19.e4 Nxc3 20.dxc3 Qc7 21.Bc1 Rad8 
22.Bf4 Qe7 23.h3 Rxd1+ 24.Rxd1 Rd8 25.Re1 Nh5 26.Bc1 Qc7 27.Qc2 c5 28.Re2 
Rc8 29.e5 Bxe5 30.b5 axb5 31.Qe4 Bxc3 32.Qxb7 Bxa5 33.Qxb5 Bc3 34.Kh2 Bd4 
35.Qd3 Ng7 36.Bf4 e5 37.Bc1 c4 38.Qe4 Ne6 39.Qh4 Qd8 40.Qe4 Nc5 41.Qf3 c3 
42.Bh6 e4 43.Qf4 f5 44.Qc1 Qd5 45.Qd1 Qd7 46.Bg5 Bf6 47.Rd2 cxd2 48.Bxf6 
Ne6 0-1

[Event "20th EUR-ch"]
[Site "Skopje MKD"]
[Date "2019.03.20"]
[Round "3"]
[White "Krykun, Yuriy"]
[Black "Thybo, Jesper Sondergaard"]
[Result "0-1"]
[WhiteElo "2342"]
[BlackElo "2525"]
[EventDate "2019.03.18"]
[Board "94"]
[PlyCount "78"]

1.d4 Nf6 2.c4 e6 3.Nc3 Bb4 4.Qc2 d5 5.cxd5 exd5 6.Bg5 h6 7.Bh4 Nc6 8.e3 g5
9.Bg3 h5 10.Bd3 Qe7 11.a3 Bxc3+ 12.Qxc3 h4 13.Be5 Nxe5 14.dxe5 Ne4 15.Qd4 
Nc5 16.Bc2 c6 17.Ne2 b6 18.b4 Ne6 19.Qc3 c5 20.Ba4+ Kf8 21.Bc6 Bb7 22.Bxb7
Qxb7 23.h3 d4 24.exd4 cxd4 25.Qf3 Qxf3 26.gxf3 d3 27.Nc3 Nd4 28.O-O-O Nxf3
29.Rxd3 Nxe5 30.Rd5 Re8 31.Nb5 Rh6 32.Nxa7 Rf6 33.Rg1 Nf3 34.Rgd1 Re2 35.
Rd6 Rxd6 36.Rxd6 g4 37.hxg4 h3 38.Rh6 h2 39.Nc8 Re6 0-1

[Event "20th EUR-ch"]
[Site "Skopje MKD"]
[Date "2019.03.20"]
[Round "3"]
[White "Basso, Pier Luigi"]
[Black "Lazov, Toni"]
[Result "1-0"]
[WhiteElo "2521"]
[BlackElo "2332"]
[EventDate "2019.03.18"]
[Board "95"]
[PlyCount "149"]

1.d4 Nf6 2.c4 g6 3.Nc3 Bg7 4.e4 d6 5.f3 O-O 6.Nge2 c5 7.Be3 Nbd7 8.Qd2 a6 
9.dxc5 dxc5 10.Rd1 Qa5 11.Nf4 e6 12.Nd3 b6 13.Qc1 b5 14.Nxc5 bxc4 15.Nxd7 
Bxd7 16.Bxc4 Rac8 17.Bd3 Ba4 18.Rd2 Nxe4 19.fxe4 Bxc3 20.bxc3 Rxc3 21.Qb1 
Bc2 22.Bxc2 Rxe3+ 23.Kd1 Rd8 24.Rxd8+ Qxd8+ 25.Kc1 Re2 26.Qb2 Rxg2 27.h4 
h5 28.Kb1 Rd2 29.Qc3 Rd4 30.Rf1 a5 31.Ka1 a4 32.Rb1 e5 33.Qc5 Qxh4 34.Qxe5
Rd8 35.Bxa4 Qf2 36.Qc3 h4 37.Bb5 g5 38.Rf1 Qd4 39.Qxd4 Rxd4 40.Rf5 Rd1+ 
41.Kb2 Rg1 42.Bc4 h3 43.Rxf7 Kh8 44.e5 Rg2+ 45.Kc3 h2 46.Rf1 Rg1 47.Rf8+ 
Kg7 48.Rf7+ Kg6 49.Rf6+ Kg7 50.Bd5 Rc1+ 51.Kb4 Rd1 52.Ba8 h1=Q 53.Bxh1 
Rxh1 54.Kc5 Rc1+ 55.Kd5 Rd1+ 56.Ke4 Ra1 57.Rf2 Re1+ 58.Kd5 Kg6 59.Ke6 g4 
60.Rf8 Kg5 61.Rg8+ Kf4 62.Kf6 Ra1 63.Ra8 g3 64.e6 g2 65.e7 g1=Q 66.Ra4+ 
Kg3 67.e8=Q Qf2+ 68.Kg6 Rg1 69.Qe6 Kh2+ 70.Kh7 Qc2+ 71.Re4 Qc7+ 72.Qe7 Qg3
73.Rh4+ Kg2 74.Qe2+ Qf2 75.Rh2+ 1-0

[Event "20th EUR-ch"]
[Site "Skopje MKD"]
[Date "2019.03.20"]
[Round "3"]
[White "Oboladze, Luka"]
[Black "Nasuta, Grzegorz"]
[Result "1/2-1/2"]
[WhiteElo "2340"]
[BlackElo "2517"]
[EventDate "2019.03.18"]
[Board "96"]
[PlyCount "90"]

1.c4 g6 2.Nc3 c5 3.g3 Bg7 4.Bg2 Nc6 5.Nf3 e6 6.d4 cxd4 7.Nb5 d5 8.cxd5 
exd5 9.O-O Nge7 10.Nbxd4 O-O 11.b3 Nf5 12.Nxc6 bxc6 13.Rb1 Qa5 14.Qc2 Be6 
15.Bf4 c5 16.Be5 f6 17.Ba1 Rac8 18.Rfd1 Rfd8 19.e3 d4 20.e4 Nd6 21.Nd2 c4 
22.bxc4 Nxc4 23.Nxc4 Rxc4 24.Qe2 Ra4 25.a3 Bc4 26.Qg4 d3 27.Rb7 Rxa3 28.
Bb2 Rb3 29.e5 Qa4 30.Bd5+ Bxd5 31.Rxg7+ Kxg7 32.Qxa4 Rxb2 33.exf6+ Kf7 34.
Qxa7+ Rb7 35.Qe3 Bc4 36.h4 Rbd7 37.Rd2 Be6 38.h5 Kxf6 39.Qf4+ Bf5 40.Qh4+ 
g5 41.Qb4 g4 42.Qf4 Rd4 43.Qc7 R8d7 44.Qb8 Rd8 45.Qc7 R8d7 1/2-1/2

[Event "20th EUR-ch"]
[Site "Skopje MKD"]
[Date "2019.03.20"]
[Round "3"]
[White "Potapov, Pavel"]
[Black "Injac, Teodora"]
[Result "1/2-1/2"]
[WhiteElo "2517"]
[BlackElo "2329"]
[EventDate "2019.03.18"]
[Board "97"]
[PlyCount "36"]

1.e4 c5 2.Nf3 d6 3.c3 Nf6 4.h3 Nc6 5.Bd3 d5 6.e5 Nd7 7.Bb5 Qb6 8.Na3 e6 9.
O-O c4 10.b3 Qa5 11.Bxc6 bxc6 12.Nc2 Be7 13.Re1 O-O 14.Bb2 Qb6 15.Rb1 Qa6 
16.Ra1 Qb6 17.Rb1 Qa6 18.Ra1 Qb6 1/2-1/2

[Event "20th EUR-ch"]
[Site "Skopje MKD"]
[Date "2019.03.20"]
[Round "3"]
[White "Valsecchi, Alessio"]
[Black "Pastar, Slaven"]
[Result "1-0"]
[WhiteElo "2515"]
[BlackElo "2324"]
[EventDate "2019.03.18"]
[Board "98"]
[PlyCount "145"]

1.e4 e5 2.Nf3 Nc6 3.Bb5 Nf6 4.O-O Nxe4 5.d4 Nd6 6.dxe5 Nxb5 7.a4 Nbd4 8.
Nxd4 d5 9.Nxc6 bxc6 10.Nd2 Be7 11.Nb3 c5 12.c4 d4 13.Qf3 Bd7 14.Qg3 Kf8 
15.f4 Bf5 16.Qf3 Qc8 17.Na5 Kg8 18.Nc6 Bf8 19.Bd2 Bg4 20.Qf2 Qd7 21.Na5 
Bf5 22.g4 Bxg4 23.f5 Rb8 24.Rae1 g6 25.e6 fxe6 26.fxg6 Bf5 27.g7 Bxg7 28.
Qg2 Rxb2 29.Rf2 h6 30.Nc6 Kh7 31.Rxf5 Rxd2 32.Qxd2 exf5 33.Qg2 Re8 34.Rxe8
Qxe8 35.Qd5 Qe3+ 36.Kf1 Qh3+ 37.Ke1 Qc3+ 38.Kf1 Qc1+ 39.Kg2 Qd2+ 40.Kf1 
Qd3+ 41.Kf2 f4 42.Qe6 Qe3+ 43.Qxe3 fxe3+ 44.Kf3 a6 45.Nb8 a5 46.Nc6 d3 47.
Kxe3 Bc3 48.Kxd3 Bb4 49.Ne7 h5 50.Ke4 Kg7 51.Kf5 Kf7 52.Nd5 c6 53.Nf4 h4 
54.h3 Bc3 55.Ne6 Bd4 56.Nd8+ Ke8 57.Nxc6 Bc3 58.Ke6 Kf8 59.Ne5 Kg7 60.Nf3 
Kg6 61.Nxh4+ Kg5 62.Nf5 Kf4 63.Nd6 Bb4 64.Kd5 Kg3 65.Ne4+ Kxh3 66.Nxc5 Kg4
67.Nb7 Kf5 68.c5 Kf6 69.Kd6 Kf5 70.Kd7 Bxc5 71.Nxc5 Ke5 72.Kc6 Kd4 73.Kb5 
1-0

[Event "20th EUR-ch"]
[Site "Skopje MKD"]
[Date "2019.03.20"]
[Round "3"]
[White "Mitsis, Georgios"]
[Black "Zoler, Dan"]
[Result "1/2-1/2"]
[WhiteElo "2338"]
[BlackElo "2513"]
[EventDate "2019.03.18"]
[Board "99"]
[PlyCount "85"]

1.d4 d5 2.Nf3 Nf6 3.c4 c6 4.e3 e6 5.b3 Nbd7 6.Bd3 Bd6 7.Bb2 O-O 8.O-O b6 
9.Nbd2 Bb7 10.Ne5 Qe7 11.Qf3 Bb4 12.Rad1 Rfd8 13.Qh3 Bxd2 14.Rxd2 Nxe5 15.
dxe5 Ne4 16.Rdd1 h6 17.Qg4 Nc5 18.Bc2 a5 19.a3 Ba6 20.Rfe1 Ra7 21.cxd5 
cxd5 22.b4 axb4 23.axb4 Nd7 24.Ra1 Rc7 25.Rec1 Bc4 26.Bc3 Rdc8 27.Qd4 Qd8 
28.Bd1 Bb5 29.Qd2 Ra8 30.Bb3 Bc4 31.Bc2 Rca7 32.Rxa7 Rxa7 33.e4 Qb8 34.
exd5 Bxd5 35.Qd3 g6 36.Qg3 Kf8 37.Bd2 h5 38.Bd1 Rc7 39.Ra1 Rb7 40.Be3 Ra7 
41.Rc1 Rc7 42.Ra1 Ra7 43.Rc1 1/2-1/2

[Event "20th EUR-ch"]
[Site "Skopje MKD"]
[Date "2019.03.20"]
[Round "3"]
[White "Klabis, Rokas"]
[Black "Dragnev, Valentin"]
[Result "1/2-1/2"]
[WhiteElo "2333"]
[BlackElo "2511"]
[EventDate "2019.03.18"]
[Board "100"]
[PlyCount "149"]

1.e4 e5 2.Nf3 Nc6 3.d4 exd4 4.Nxd4 Bc5 5.Be3 Qf6 6.c3 Nge7 7.g3 d5 8.Bg2 
Nxd4 9.cxd4 Bb6 10.a4 Ba5+ 11.Nd2 dxe4 12.O-O O-O 13.Nxe4 Qg6 14.Rc1 c6 
15.Rc5 Bb4 16.Rg5 Qe6 17.Re5 Qd7 18.Qb3 a5 19.Rh5 Qe8 20.Re5 Kh8 21.Bd2 
Bxd2 22.Nxd2 Qd8 23.Qa3 Ng6 24.Re3 Qxd4 25.Ne4 Qb4 26.Nd6 Kg8 27.Rb3 Qxa3 
28.bxa3 Rd8 29.Nxb7 Bxb7 30.Rxb7 c5 31.Rc1 Rac8 32.Bf1 Rd4 33.Rb5 c4 34.
Rc3 Ne7 35.Rxa5 g6 36.Rb5 Nf5 37.Bh3 Rd3 38.Rxd3 cxd3 39.Bxf5 gxf5 40.Rd5 
Rc3 41.Kg2 Rxa3 42.Rxf5 Rxa4 43.Rd5 Ra3 44.Kf3 Kg7 45.Ke3 Ra2 46.Rxd3 h6 
47.h3 Ra4 48.Rd4 Ra3+ 49.Kf4 Ra2 50.f3 Ra5 51.Re4 Kf6 52.g4 Rb5 53.Rc4 Ra5
54.h4 Ra6 55.Rc5 Ra4+ 56.Kg3 Ra6 57.Rc8 Rb6 58.Rg8 Ra6 59.h5 Ra1 60.Rh8 
Kg7 61.Rd8 Ra6 62.Rd4 Kf6 63.f4 Ra1 64.Rd6+ Kg7 65.Kf3 Rg1 66.Rc6 Ra1 67.
g5 hxg5 68.h6+ Kh7 69.fxg5 Rf1+ 70.Ke4 Re1+ 71.Kf5 Rf1+ 72.Ke5 Rg1 73.Kf6 
Rf1+ 74.Ke7 Rf5 75.Rf6 1/2-1/2

[Event "20th EUR-ch"]
[Site "Skopje MKD"]
[Date "2019.03.20"]
[Round "3"]
[White "Osmanodja, Filiz"]
[Black "Goryachkina, Aleksandra"]
[Result "0-1"]
[WhiteElo "2326"]
[BlackElo "2504"]
[EventDate "2019.03.18"]
[Board "101"]
[PlyCount "88"]

1.e4 c6 2.d4 d5 3.exd5 cxd5 4.Bd3 Nc6 5.c3 Nf6 6.Bf4 Bg4 7.Qb3 Qd7 8.Nd2 
e6 9.Ngf3 Bd6 10.Bxd6 Qxd6 11.O-O O-O 12.Rae1 Qc7 13.Ne5 Rab8 14.Qc2 Bh5 
15.f4 Rfc8 16.Qb1 b5 17.a3 a5 18.Nb3 Qa7 19.Nc5 Bg6 20.Nxg6 hxg6 21.b4 Ne7
22.h4 Qb6 23.Qd1 axb4 24.axb4 Ra8 25.g4 Ra2 26.Qb1 Ra3 27.Qc1 Rca8 28.g5 
Nh5 29.Rf3 Nf5 30.Bxf5 gxf5 31.Qe3 g6 32.Nd7 Qd8 33.Nc5 Qc7 34.Rff1 Ra2 
35.Rc1 R8a3 36.Rf3 Kh7 37.Kf1 Qa7 38.Kg1 Ra1 39.Rff1 Rxc1 40.Rxc1 Ra2 41.
Nd3 Qa3 42.Kh1 Re2 43.Qg1 Rd2 44.Ne5 Ng3+ 0-1

[Event "20th EUR-ch"]
[Site "Skopje MKD"]
[Date "2019.03.20"]
[Round "3"]
[White "Neverov, Valeriy"]
[Black "Dedebas, Emre Emin"]
[Result "1-0"]
[WhiteElo "2496"]
[BlackElo "2319"]
[EventDate "2019.03.18"]
[Board "102"]
[PlyCount "39"]

1.Nf3 d5 2.g3 Nf6 3.Bg2 e6 4.O-O Be7 5.d3 O-O 6.Nbd2 Nc6 7.e4 dxe4 8.dxe4 
e5 9.c3 a5 10.Qe2 Bc5 11.Nc4 Qe7 12.Ne3 Bxe3 13.Qxe3 Ne8 14.a4 b6 15.b3 
Ba6 16.Ba3 Nd6 17.Rfd1 Rfd8 18.Rd5 Qe6 19.Ng5 Qg6 20.Rad1 1-0

[Event "20th EUR-ch"]
[Site "Skopje MKD"]
[Date "2019.03.20"]
[Round "3"]
[White "Tsvetkov, Andrey"]
[Black "Enchev, Ivajlo"]
[Result "0-1"]
[WhiteElo "2322"]
[BlackElo "2490"]
[EventDate "2019.03.18"]
[Board "103"]
[PlyCount "78"]

1.d4 Nf6 2.c4 e6 3.Nc3 Bb4 4.e3 O-O 5.Bd3 d5 6.cxd5 exd5 7.Ne2 Re8 8.O-O 
Bd6 9.Bd2 b6 10.Rc1 a6 11.a3 c5 12.Nf4 c4 13.Bc2 Bxf4 14.exf4 Nc6 15.Be3 
Bg4 16.Qd2 Qd7 17.f3 Bf5 18.Bxf5 Qxf5 19.g4 Qd7 20.f5 Na5 21.Qf2 Nb3 22.
Rce1 Qc6 23.Bf4 b5 24.g5 Nh5 25.Qh4 g6 26.Be5 a5 27.Ne2 Qd7 28.Ng3 b4 29.
Re2 Ra6 30.Rfe1 c3 31.bxc3 bxc3 32.Nxh5 gxh5 33.Bf6 Rxe2 34.Rxe2 Ra8 35.
Qe1 Rc8 36.Rc2 Nd2 37.Qe3 Qxf5 38.Rxc3 Nxf3+ 39.Kh1 Qb1+ 0-1

[Event "20th EUR-ch"]
[Site "Skopje MKD"]
[Date "2019.03.20"]
[Round "3"]
[White "Matvyishen, Viktor"]
[Black "Yordanov, Lachezar"]
[Result "1-0"]
[WhiteElo "2490"]
[BlackElo "2308"]
[EventDate "2019.03.18"]
[Board "104"]
[PlyCount "133"]

1.d4 Nf6 2.c4 e6 3.g3 d5 4.Nf3 Be7 5.Bg2 O-O 6.O-O c6 7.Qc2 b6 8.Nbd2 Bb7 
9.e4 Na6 10.a3 c5 11.exd5 exd5 12.dxc5 Nxc5 13.b4 Ne6 14.Bb2 dxc4 15.Nxc4 
Rc8 16.Rfd1 Qc7 17.Rac1 b5 18.Ne3 Qxc2 19.Nxc2 Ng4 20.Nce1 Bf6 21.Bxf6 
Nxf6 22.Ne5 Bxg2 23.Kxg2 Rfd8 24.Rxc8 Rxc8 25.Rd6 Rc7 26.N1f3 g6 27.Ra6 
Rc2 28.Rxa7 Ne4 29.Nd3 Rc3 30.Nde1 Rc1 31.h4 Ra1 32.Nd3 Ra2 33.Nfe5 Rd2 
34.Rd7 f6 35.Nf3 Rd1 36.Re7 Rxd3 37.Rxe6 f5 38.Ra6 Nd6 39.Ra7 Nc4 40.a4 
bxa4 41.Rxa4 Rb3 42.Ra8+ Kg7 43.Ra7+ Kg8 44.Rb7 Rb2 45.Ng5 Ne3+ 46.Kf3 Ng4
47.Nh3 Ne5+ 48.Ke3 Ng4+ 49.Kd4 Nxf2 50.Nxf2 Rxf2 51.Ke5 Kf8 52.b5 Rb2 53.
b6 Rb3 54.Kf6 Ke8 55.Re7+ Kf8 56.Rf7+ Kg8 57.Rb7 h5 58.Kxg6 Rxg3+ 59.Kxf5 
Rb3 60.Kg6 Rg3+ 61.Kxh5 Rb3 62.Kg6 Rg3+ 63.Kf6 Rb3 64.Ke6 Kf8 65.h5 Kg8 
66.Kd6 Rb1 67.Rb8+ 1-0

[Event "20th EUR-ch"]
[Site "Skopje MKD"]
[Date "2019.03.20"]
[Round "3"]
[White "Petkov, Momchil"]
[Black "Sadikhov, Ulvi"]
[Result "0-1"]
[WhiteElo "2296"]
[BlackElo "2488"]
[EventDate "2019.03.18"]
[Board "105"]
[PlyCount "120"]

1.e4 c5 2.Nf3 a6 3.c4 e6 4.d4 cxd4 5.Nxd4 Nf6 6.Nc3 Qc7 7.Nc2 b6 8.Be2 Bb7
9.Qd3 Nc6 10.f4 Nb4 11.Nxb4 Bxb4 12.e5 Ne4 13.O-O Nxc3 14.bxc3 Bc5+ 15.Be3
O-O-O 16.Bd4 d5 17.cxd5 Rxd5 18.Rab1 g6 19.Bf3 Rd7 20.Bxb7+ Kxb7 21.Qe3 
Rd5 22.h3 Rhd8 23.Kh2 Qc6 24.Rfc1 Rc8 25.Qd2 Qa4 26.Qb2 Rc6 27.Rd1 b5 28.
Qf2 Bxd4 29.cxd4 Rc2 30.Qh4 Qxa2 31.Qe7+ Rc7 32.Qh4 h5 33.Rbc1 Rxc1 34.
Rxc1 Rd7 35.f5 exf5 36.Qf6 Qe6 37.Qh4 Qd5 38.Rd1 Rc7 39.Rd2 a5 40.Qe1 b4 
41.Qa1 Kb6 42.Re2 Rc6 43.e6 Rxe6 44.Rc2 Qd6+ 45.Kh1 Qg3 46.Rc1 Re2 47.Rg1 
Qc3 48.Qf1 Rd2 49.Qf4 Qxd4 50.Qb8+ Ka6 51.Qc8+ Kb5 52.Qe8+ Qd7 53.Qb8+ Kc4
54.Rc1+ Kb3 55.Qg3+ Qd3 56.Qe1 Qe2 57.Rb1+ Ka4 58.Ra1+ Kb5 59.Qg1 Qf2 60.
Qh2 f4 0-1

[Event "20th EUR-ch"]
[Site "Skopje MKD"]
[Date "2019.03.20"]
[Round "3"]
[White "Fakhrutdinov, Timur"]
[Black "Milosevic, Milos"]
[Result "1-0"]
[WhiteElo "2485"]
[BlackElo "2299"]
[EventDate "2019.03.18"]
[Board "106"]
[PlyCount "99"]

1.e4 c5 2.Nf3 Nf6 3.e5 Nd5 4.Nc3 e6 5.Nxd5 exd5 6.d4 Nc6 7.dxc5 Bxc5 8.
Qxd5 Qb6 9.Bc4 Bxf2+ 10.Ke2 O-O 11.Rf1 Bc5 12.Ng5 Nd4+ 13.Kd3 Qg6+ 14.Qe4 
d5 15.Bxd5 Bf5 16.Rxf5 Nxf5 17.e6 Rad8 18.c4 b5 19.b3 Qf6 20.Rb1 Bb4 21.
exf7+ Kh8 22.Bf4 h6 23.Ne6 Nd6 24.Bxd6 Qc3+ 25.Ke2 Qd2+ 26.Kf3 Rxd6 27.
Nxf8 Rf6+ 28.Kg4 Bxf8 29.h4 Qf2 30.g3 g6 31.Kh3 bxc4 32.bxc4 Kg7 33.Rb2 
Qf1+ 34.Qg2 Qf5+ 35.Kh2 Bd6 36.Qe2 g5 37.hxg5 hxg5 38.Kg2 Rh6 39.f8=Q+ 
Bxf8 40.Rb7+ Kh8 41.Qb2+ Rf6 42.Rf7 Bg7 43.Qb8+ Kh7 44.Rxf6 Qxf6 45.Qxa7 
Qe5 46.Qf7 Qe2+ 47.Kh3 Kh6 48.Bf3 g4+ 49.Kxg4 Qe5 50.Qf4+ 1-0

[Event "20th EUR-ch"]
[Site "Skopje MKD"]
[Date "2019.03.20"]
[Round "3"]
[White "Antova, Gabriela"]
[Black "Radovanovic, Mihajlo"]
[Result "0-1"]
[WhiteElo "2286"]
[BlackElo "2483"]
[EventDate "2019.03.18"]
[Board "107"]
[PlyCount "78"]

1.d4 d6 2.c4 g6 3.e4 e5 4.Nf3 Bg7 5.Be2 Nc6 6.Be3 Nf6 7.Nc3 Ng4 8.Bg5 f6 
9.Bc1 O-O 10.O-O f5 11.Bg5 Qe8 12.d5 Ne7 13.Nd2 Nf6 14.f3 c5 15.dxc6 bxc6 
16.Qa4 Be6 17.Rad1 h6 18.Bh4 g5 19.Bf2 d5 20.cxd5 cxd5 21.Bb5 Qf7 22.exd5 
Nexd5 23.Nxd5 Nxd5 24.Bc6 Rac8 25.Rc1 Nf4 26.Bb5 Rcd8 27.Nb3 e4 28.fxe4 
fxe4 29.Qxa7 Qf5 30.Rc7 Be5 31.Bd4 Bxc7 32.Qxc7 Rd7 33.Qb6 Rdf7 34.h3 Qd5 
35.Qc5 Rb8 36.Ba6 Ra8 37.Bb5 Rxa2 38.Qxd5 Bxd5 39.Nd2 Ra5 0-1

[Event "20th EUR-ch"]
[Site "Skopje MKD"]
[Date "2019.03.20"]
[Round "3"]
[White "Sokolovsky, Yahli"]
[Black "Diermair, Andreas"]
[Result "0-1"]
[WhiteElo "2278"]
[BlackElo "2478"]
[EventDate "2019.03.18"]
[Board "108"]
[PlyCount "102"]

1.e4 e5 2.Nf3 Nc6 3.Bb5 a6 4.Ba4 Nf6 5.Nc3 Bc5 6.O-O b5 7.Bb3 d6 8.a3 Bg4 
9.Ne2 Qd7 10.Ng3 h5 11.h3 h4 12.Nf5 Bxf5 13.exf5 Qxf5 14.d3 Nd4 15.Nxd4 
Bxd4 16.c3 Bb6 17.Be3 Rb8 18.a4 O-O 19.Qd2 Nh5 20.axb5 axb5 21.Bd1 d5 22.
Ra6 Bxe3 23.Qxe3 Nf4 24.Bf3 Rfe8 25.Rd1 d4 26.Qe4 Qxe4 27.dxe4 c5 28.Bg4 
Red8 29.g3 hxg3 30.fxg3 dxc3 31.Rxd8+ Rxd8 32.bxc3 Nd3 33.Rb6 b4 34.cxb4 
cxb4 35.Be2 Rd4 36.Bxd3 Rxd3 37.Rxb4 Rxg3+ 38.Kh2 Rf3 39.Rb1 Rf4 40.Re1 g6
41.Kg3 Kf8 42.Re2 Ke7 43.h4 Kf8 44.h5 gxh5 45.Re1 Ke7 46.Re2 f6 47.Re1 h4+
48.Kh3 Kd6 49.Rd1+ Kc6 50.Rd5 Rxe4 51.Ra5 Kd6 0-1

[Event "20th EUR-ch"]
[Site "Skopje MKD"]
[Date "2019.03.20"]
[Round "3"]
[White "Bakalchuk, Johnatan"]
[Black "Protopopova, Anastasiya"]
[Result "1/2-1/2"]
[WhiteElo "2471"]
[BlackElo "2263"]
[EventDate "2019.03.18"]
[Board "109"]
[PlyCount "55"]

1.c4 e5 2.g3 Nf6 3.Bg2 Bc5 4.Nc3 c6 5.d3 O-O 6.Nf3 Re8 7.O-O Bf8 8.e4 d5 
9.exd5 cxd5 10.Bg5 d4 11.Nd5 Nbd7 12.Re1 Bd6 13.Qd2 a5 14.Re2 Nb6 15.Nxf6+
gxf6 16.Bh4 Be7 17.h3 Bf5 18.Rd1 Na4 19.Nh2 Nc5 20.Be4 Bg6 21.Ng4 Qb6 22.
Nh6+ Kh8 23.Bf5 Bf8 24.Rde1 Bg7 25.Kh2 Rf8 26.Be4 Qe6 27.g4 Na4 28.Nf5 
1/2-1/2

[Event "20th EUR-ch"]
[Site "Skopje MKD"]
[Date "2019.03.20"]
[Round "3"]
[White "Firat, Burak"]
[Black "Maltsevskaya, Aleksandra"]
[Result "1-0"]
[WhiteElo "2468"]
[BlackElo "2252"]
[EventDate "2019.03.18"]
[Board "110"]
[PlyCount "103"]

1.e4 c6 2.d4 d5 3.Nc3 dxe4 4.Nxe4 Bf5 5.Ng3 Bg6 6.h4 h6 7.Nf3 e6 8.Ne5 Bh7
9.Bd3 Bxd3 10.Qxd3 Nd7 11.Qe2 Nxe5 12.dxe5 Qa5+ 13.c3 Ne7 14.h5 O-O-O 15.
O-O g6 16.Re1 Rg8 17.Bf4 gxh5 18.Nxh5 Ng6 19.Bg3 Be7 20.a3 Bh4 21.Bh2 Rd5 
22.b4 Qd8 23.Rad1 Bg5 24.c4 Rd2 25.Rxd2 Qxd2 26.f4 Qxe2 27.Rxe2 Be7 28.Rd2
a5 29.bxa5 Nh4 30.Bg3 Bc5+ 31.Kf1 Rg4 32.Rd3 Nf5 33.Bf2 Bxf2 34.Kxf2 Rh4 
35.Rh3 Rg4 36.Kf3 Rg8 37.g4 Ne7 38.Nf6 Rd8 39.Rxh6 Ng6 40.Rh7 Rd3+ 41.Ke4 
Rc3 42.Kd4 Rxa3 43.Rxf7 Rxa5 44.Ne4 Ra1 45.Nd6+ Kb8 46.Rf6 Rd1+ 47.Kc3 Nh4
48.Rxe6 Ng2 49.f5 Ne3 50.f6 Nxg4 51.f7 Rf1 52.Rf6 1-0

[Event "20th EUR-ch"]
[Site "Skopje MKD"]
[Date "2019.03.20"]
[Round "3"]
[White "Grinberg, Eyal"]
[Black "Zlatin, Alexander"]
[Result "1-0"]
[WhiteElo "2467"]
[BlackElo "2243"]
[EventDate "2019.03.18"]
[Board "111"]
[PlyCount "101"]

1.e4 e5 2.Nf3 Nc6 3.Bb5 a6 4.Ba4 Nf6 5.O-O Be7 6.Re1 b5 7.Bb3 O-O 8.h3 Bb7
9.d3 Na5 10.Nxe5 Nxb3 11.axb3 d5 12.exd5 Qxd5 13.Qf3 Bd6 14.Qxd5 Nxd5 15.
Bd2 f6 16.Nf3 Ne7 17.Nd4 Rfe8 18.Nc3 c5 19.Nde2 Nf5 20.f3 c4 21.bxc4 Bc5+ 
22.Kh2 bxc4 23.dxc4 Bf2 24.Red1 Re7 25.Bf4 Rae8 26.Rd2 g5 27.Ng3 Nxg3 28.
Bxg3 Be3 29.Rd3 h5 30.h4 Rc8 31.b3 f5 32.hxg5 Bxg5 33.Ra5 h4 34.Bd6 Rf7 
35.Nd5 h3 36.f4 Bd8 37.Rc5 Rxc5 38.Bxc5 hxg2 39.Bd4 Bc7 40.Rh3 Bxf4+ 41.
Nxf4 Rh7 42.Rxh7 Kxh7 43.Nd5 Kg6 44.Kxg2 f4 45.Be5 Kf5 46.Bxf4 Ke4 47.Kf2 
a5 48.Bd2 a4 49.Nc3+ Kd4 50.Nxa4 Be4 51.Bc3# 1-0

[Event "20th EUR-ch"]
[Site "Skopje MKD"]
[Date "2019.03.20"]
[Round "3"]
[White "Ozenir, Ekin Baris"]
[Black "Repka, Christopher"]
[Result "0-1"]
[WhiteElo "2265"]
[BlackElo "2466"]
[EventDate "2019.03.18"]
[Board "112"]
[PlyCount "102"]

1.d4 Nf6 2.Bg5 g6 3.Bxf6 exf6 4.e3 d5 5.Nd2 Bd6 6.c4 dxc4 7.Bxc4 O-O 8.
Ngf3 Nd7 9.O-O f5 10.Bb3 c6 11.Rc1 Nf6 12.Nc4 Bc7 13.Nce5 Nd5 14.Nd3 Re8 
15.Re1 Kg7 16.a3 h5 17.Qc2 Qd6 18.Bxd5 Qxd5 19.Nb4 Qe4 20.d5 a5 21.dxc6 
axb4 22.cxb7 Bxh2+ 23.Nxh2 Bxb7 24.Qxe4 Rxe4 25.Rc7 Bd5 26.f3 Re6 27.axb4 
Ra2 28.Re2 Rb6 29.Rc5 Be6 30.Ra5 Rxb4 31.Rxa2 Bxa2 32.f4 Bd5 33.Kf2 f6 34.
Nf3 Bxf3 35.Kxf3 g5 36.g3 Kg6 37.Rd2 Rb3 38.Rc2 g4+ 39.Kf2 h4 40.gxh4 Kh5 
41.Re2 Kxh4 42.Kg2 Rd3 43.Kh2 g3+ 44.Kg1 Rb3 45.Kh1 Kg4 46.Kg2 Rd3 47.Kg1 
Rd8 48.Re1 Rd3 49.Re2 Kf3 50.Re1 g2 51.Rc1 Rd8 0-1